| 000 | 00744nam a22001815i 4500 | ||
|---|---|---|---|
| 001 | 156325 | ||
| 003 | ES-MaACL | ||
| 005 | 20250820095205.0 | ||
| 008 | 040730s1870 sp |||| | spa d | ||
| 040 |
_aCAM _bspa _cCAM |
||
| 245 | 0 | 4 |
_aLos jesuitas tales como son o Idea sucinta del origen, gobierno y escesos [sic] de la Compañía de Jesús _b: con un resumen de sus relajadas y perniciosas opiniones morales por L.A.B. |
| 260 |
_aMadrid : _b[s.n.], _c1870 ( _fImprenta de los señores Rojas) |
||
| 300 |
_a163 p. ; _c20 cm. |
||
| 610 | 2 | 4 |
_aJesuitas- _xHistoria _95353 |
| 752 |
_aEspaña - _dMadrid |
||
| 852 |
_aES-MaACL _jD-2507 _z-- Rust. falto de la cub. posterior _z-- Legado de M. de la Fuente |
||
| 999 |
_c156325 _d156325 |
||